Treasury Reform in Kazakhstan : Lessons for Other Countries /

Kazakhstan's government has established a comprehensive and efficient treasury system for government revenues and expenditures, and introduced a state-of-the-art government financial management information system. Kazakhstan is among the leading BRO (Baltics, Russia, and other Former Soviet Uni...

Cijeli opis

Bibliografski detalji
Glavni autor: Tandberg, Eivind
Daljnji autori: Ramamurthy, S.
Format: Žurnal
Jezik:English
Izdano: Washington, D.C. : International Monetary Fund, 2002.
Serija:IMF Working Papers; Working Paper ; No. 2002/129
Online pristup:Full text available on IMF
LEADER 01937cas a2200253 a 4500
001 AALejournalIMF008266
008 230101c9999 xx r poo 0 0eng d
020 |c 5.00 USD 
020 |z 9781451855128 
022 |a 1018-5941 
040 |a BD-DhAAL  |c BD-DhAAL 
100 1 |a Tandberg, Eivind. 
245 1 0 |a Treasury Reform in Kazakhstan :   |b Lessons for Other Countries /  |c Eivind Tandberg, S. Ramamurthy. 
264 1 |a Washington, D.C. :  |b International Monetary Fund,  |c 2002. 
300 |a 1 online resource (28 pages) 
490 1 |a IMF Working Papers 
500 |a <strong>Off-Campus Access:</strong> No User ID or Password Required 
500 |a <strong>On-Campus Access:</strong> No User ID or Password Required 
506 |a Electronic access restricted to authorized BRAC University faculty, staff and students 
520 3 |a Kazakhstan's government has established a comprehensive and efficient treasury system for government revenues and expenditures, and introduced a state-of-the-art government financial management information system. Kazakhstan is among the leading BRO (Baltics, Russia, and other Former Soviet Union) countries in modernizing its budget execution system despite remaining challenges in other areas of fiscal management. The successful outcomes are related partly to the high quality of the reform process, and partly to the institutional design of the Kazakh treasury. Some design features are common for most well-functioning treasuries. Other features are related to the specific economic factors, institutional features, and financial management objectives of a transition economy, with a strong emphasis on fiscal control and financial discipline. 
538 |a Mode of access: Internet 
700 1 |a Ramamurthy, S. 
830 0 |a IMF Working Papers; Working Paper ;  |v No. 2002/129 
856 4 0 |z Full text available on IMF  |u http://elibrary.imf.org/view/journals/001/2002/129/001.2002.issue-129-en.xml  |z IMF e-Library